Szczegóły MARC21

Konsument wobec wyzwań współczesności : aspekty prawa materialnego i procesowego /

003 -Nazwa inst., której nr kontr. jest w polu 001 [,]
    • @
    • Nazwa instytucji, której n kontrolny jest w polu 001
    • NUKAT
005 -DATA I CZAS OSTATNIEJ MODYFIKACJI [,]
    • @
    • pole kontrolne
    • 20241231091131.0
020 -Międzynarod. znormalizowany nr książki - ISBN [ , ]
    • a
    • Numer ISBN
    • 9788365322005 Find
040 -Instytucja sporządzająca opis [ , ]
    • a
    • Instytucja, która sporządziła opis (NP)
    • SZCZ U/MC
    • c
    • Instytucja, która sporządziła rekord (NP)
    • SZCZ U/MC
    • d
    • Instytucja, która zmodyfikowała rekord (P)
    • SZCZ U/KP
    • d
    • Instytucja, która zmodyfikowała rekord (P)
    • TOR U/WS
942 -Rodzaj dokumentu [ , ]
    • c
    • Rodzaj dokumentu
    • Książka
245 -Strefa tytułu i oznaczenia odpowiedzialności [0,0]
    • a
    • Tytuł
    • Konsument wobec wyzwań współczesności : Find
    • b
    • Ciąg dalszy tytułu (NP)
    • aspekty prawa materialnego i procesowego / Find
    • c
    • Pozostałe elementy strefy tytułu i oznaczenia odpowiedzialności (NP)
    • redakcja naukowa Kinga Flaga-Gieruszyńska, Dariusz Szostek.
260 -Strefa adresu wydawniczego [ , ]
    • a
    • Miejsce wydania (P)
    • Katowice :
    • b
    • Nazwa wydawcy (P)
    • Multimedialne Wydawnictwo Naukowe "Wykładnia",
    • c
    • Data wydania (P)
    • 2015.
300 -Strefa opisu fizycznego [ , ]
    • a
    • Określenie formy książki i/lub objętość (NP)
    • 139 s. ;
    • c
    • Format (NP)
    • 21 cm.
336 -Typ zawartości [ , ]
    • a
    • Termin opisujący typ zawartości
    • Tekst
    • b
    • Kod określający zawartość
    • txt
    • 2
    • Źródło (terminu i kodu)
    • rdacontent
337 -Typ mediów [ , ]
    • a
    • Tryb odtwarzania
    • Bez urządzenia pośredniczącego
    • b
    • Kod typu mediów
    • n
    • 2
    • Źródło (terminu i kodu)
    • rdamedia
338 -Typ/rodzaj nośnika [ , ]
    • a
    • Hasło opisujące typ nośnika
    • Wolumin
    • b
    • Kod typu nośnika
    • nc
    • 2
    • Źródło (terminu i kodu)
    • rdacarrier
080 -Uniwersalna Klasyfikacja Dziesiętna [ , ]
    • 2
    • Identyfikator wydania tablic
    • UDC-P058
    • 9
    • UKD
    • 3795
    • a
    • Symbol klasyfikacji
    • 366.1
    • b
    • Dopowiedzenie
    • Zachowanie się konsumenta. Edukacja konsumenta.
    • 4
    • UKD2
    • 7642
    • x
    • Poddział wspólny
    • (438)
    • c
    • Dopowiedzenie poddz. wspólnego
    • (Polska).
    • 4
    • UKD2
    • 8659
    • x
    • Poddział wspólny
    • "1990/..."
    • c
    • Dopowiedzenie poddz. wspólnego
    • Od 1990.
080 -Uniwersalna Klasyfikacja Dziesiętna [ , ]
    • 2
    • Identyfikator wydania tablic
    • UDC-P058
    • 9
    • UKD
    • 3513
    • a
    • Symbol klasyfikacji
    • 346.54
    • b
    • Dopowiedzenie
    • Przepisy dotyczące rynku i produkcji. Promocja biznesu. Postęp naukowo-techniczny. Jakość produkcji i usług. Gwarancje. Marketing. Konkurencja. Monopole. Prawo antymonopolowe. Ochrona konsumentów. Fuzje przedsiębiorstw.
    • 4
    • UKD2
    • 7642
    • x
    • Poddział wspólny
    • (438)
    • c
    • Dopowiedzenie poddz. wspólnego
    • (Polska).
    • 4
    • UKD2
    • 8659
    • x
    • Poddział wspólny
    • "1990/..."
    • c
    • Dopowiedzenie poddz. wspólnego
    • Od 1990.
080 -Uniwersalna Klasyfikacja Dziesiętna [ , ]
    • 2
    • Identyfikator wydania tablic
    • UDC-P058
    • 9
    • UKD
    • 3446
    • a
    • Symbol klasyfikacji
    • 343.1
    • b
    • Dopowiedzenie
    • Postępowanie karne. Śledztwo (dochodzenie) w sprawach karnych. Prawo karne procesowe.
    • 4
    • UKD2
    • 7642
    • x
    • Poddział wspólny
    • (438)
    • c
    • Dopowiedzenie poddz. wspólnego
    • (Polska).
    • 4
    • UKD2
    • 8659
    • x
    • Poddział wspólny
    • "1990/..."
    • c
    • Dopowiedzenie poddz. wspólnego
    • Od 1990.
980 -Symbol UKD [ , ]
    • a
    • UKD
    • 366.1:346.54:343.1](438)"1990/..."
700 -Hasło dodatkowe - nazwa osobowa [1, ]
    • a
    • Nazwa osobowa (NP)
    • Flaga-Gieruszyńska, Kinga Find
    • d
    • Daty biograficzne (NP)
    • (1973- ).
    • e
    • Określenie rodzaju współpracy
    • Red.
    • 9
    • KHW
    • 10531
700 -Hasło dodatkowe - nazwa osobowa [1, ]
    • a
    • Nazwa osobowa (NP)
    • Szostek, Dariusz. Find
    • e
    • Określenie rodzaju współpracy
    • Red.
    • 9
    • KHW
    • 12552
710 -Hasło dodatkowe - nazwa ciała zbiorowego [2, ]
    • a
    • Nazwa ciała zbiorowego lub nazwa geograficzna jako pierwszy element (NP)
    • Multimedialne Wydawnictwo Naukowe "Wykładnia".
    • 4
    • Kod relacji
    • pbl
    • 9
    • KHW
    • 405936
920 -ISBN [ , ]
    • a
    • ISBN
    • 978-83-65322-00-5 Find
Numer inwentarzowy Data inwentaryzacji Sygnatura Lokalizacja Status udost.
SA.246462019-01-23SA.24646BSA1
SA.239762017-01-05SA.23976BSA-3